Tartuf, o, L'impostor / Molière ; traducció de Josep M. Vidal ; pròleg de Lluís Soler
ISBN:
84-7794-855-0
Descripción Física:
117 p. ; 18 cm
MARC
| LEADER | 00000nam a2200000Ia 4500 | ||
|---|---|---|---|
| 001 | 14621 | ||
| 008 | 160829s2002 xx 000 0 cat d | ||
| 020 | |a 84-7794-855-0 | ||
| 080 | |a L-2-16 | ||
| 100 | |a Molière |9 22883 | ||
| 245 | |a Tartuf, o, L'impostor / Molière ; traducció de Josep M. Vidal ; pròleg de Lluís Soler | ||
| 260 | |a [Barcelona] : |b Diputació de Barcelona, Xarxa de Municipis, Institut del Teatre, |c 2002 | ||
| 300 | |a 117 p. ; |c 18 cm | ||
| 490 | |a Col·lecció popular de teatre clàssic universal ; 61 | ||
| 700 | |a Vidal, Josep M., tr. |9 34096 | ||
| 700 | |a Soler, Lluís, pr. |9 34097 | ||
| 710 | 1 | |a Institut del Teatre (Barcelona, Catalunya) |9 52662 | |
| 901 | |a Arxiu | ||
| 942 | |n 1 | ||
| 952 | |0 0 |1 0 |4 0 |6 L216 |7 1 |9 46385 |a Arxiu |b Arxiu |d 2016-12-01 |l 0 |o L-2-16 |p 14621 |r 2016-12-01 00:00:00 |w 2016-12-01 |y ARXIU | ||
| 999 | |c 50170 |d 50170 | ||